| 000 | 00590nam a2200205Ia 4500 | ||
|---|---|---|---|
| 008 | 241004s9999 xx 000 0 und d | ||
| 020 | _a97893891985110 | ||
| 037 | _aTextbook | ||
| 040 |
_aARTS _beng _cARTS |
||
| 041 |
_aeng _2eng |
||
| 084 |
_aNA44,C R2 _qARTS |
||
| 100 | _aCoomaraswamy Ananda K. Au. | ||
| 245 |
_aOrigin of the buddha image _cCoomaraswamy Ananda K. Au. |
||
| 260 |
_aIndia _bDelhi Buddhist World Press _c2022 |
||
| 300 | _a42p. | ||
| 365 |
_aINR _b500 |
||
| 650 |
_aArts Architecture _92350 |
||
| 942 |
_cTB _hNA44,C R2 |
||
| 999 |
_c1218915 _d1218915 |
||